Nonparametric methods in general models

Shranjeno v:
Bibliografske podrobnosti
Main Authors: Puri, Madan Lal (Author), Sen, Pranab Kumar (Author)
Format: Knjiga
Jezik:angleščina
Izdano: Nueva York Wiley 1985
Teme:
Oznake: Označite
Brez oznak, prvi označite!

MARC

LEADER 00000nam a2200000 a 4500
001 UCW0777
003 CL-VaPUC
005 20240723102948.0
008 890614e19850000US |||||||||||||||||eng|d
999 |c 215835  |d 215833 
040 |c Pontificia Universidad Católica de Valparaíso 
082 0 4 |a 519.5  |b PUR  |2 21 
100 0 |a Puri, Madan Lal  |e author  |9 304707 
245 1 0 |a Nonparametric methods in general models 
260 |a Nueva York  |b Wiley  |c 1985 
300 |a 399 p 
583 |a last modification  |c 19890614 00:00:00  |k Rodrigo Vera 
650 0 |a Modelos lineales (Estadística)  |9 270088 
650 0 |a Estadística no paramétrica   |9 270089 
650 0 |a Análisis de varianza   |9 336938 
700 0 |a Sen, Pranab Kumar  |e author  |9 304708 
942 |c BK  |2 ddc 
945 |d 19890614 00:00:00 
952 |0 0  |1 0  |4 0  |6 519_500000000000000_PUR_1985  |7 0  |8 A  |9 200921  |a BIBGIM  |b BIBGIM  |d 2019-11-14  |i 2680556  |o 519.5 PUR 1985  |p 2680556  |r 2025-01-15  |w 2019-11-14  |y BK  |k EST